Countries in their native language script - Statistics

General Stats
  • This quiz has been taken 560 times
  • The average score is 35 of 40
Answer Stats
Hint Answer % Correct
United Kingdom United Kingdom
100%
Việt Nam Vietnam
99%
Brasil Brazil
98%
日本 Japan
98%
Pilipinas Philippines
98%
España Spain
98%
中国 China
97%
Danmark Denmark
97%
Deutschland Germany
97%
Norge Norway
97%
Polska Poland
97%
대한민국 South Korea
96%
Türkiye Turkey
96%
Österreich Austria
95%
Timor-Leste East Timor
95%
Россия Russia
95%
Azərbaycan Azerbaijan
94%
Ísland Iceland
94%
Sverige Sweden
94%
Schweiz Switzerland
94%
Éire Ireland
93%
Bhārat Gaṇarājya India
92%
Suomi Finland
91%
Ελλάδα Greece
91%
조선민주주의인민공화국 North Korea
90%
ประเทศไทย Thailand
89%
Magyarország Hungary
84%
מְדִינַת יִשְׂרָאֵל Israel
84%
Hrvatska Croatia
82%
مَصر Egypt
82%
Eesti Estonia
81%
नेपाल Nepal
76%
Монгол Улс Mongolia
75%
កម្ពុជា Cambodia
73%
საქართველო Georgia
71%
Հայաստան Armenia
69%
Aotearoa New Zealand
69%
ኢትዮጵያ Ethiopia
65%
الجزائر Algeria
56%
Viti Fiji
50%
No matching quizzes found
Score Distribution
Percent of People with Each Score
Percentile by Number Answered
Your Score History
You have not taken this quiz